000 01372nam a2200205 i 4500
001 117299
005 20230410142352.0
008 140828s2010 sp d b 000 0 spa |
050 1 4 _a
_b
100 1 _aTubella, Imma.
245 0 0 _aVolver del revés la universidad /
_bacciones para el futuro próximo
_cImma Tubella
260 _aEspaña :
_bEditorial UOC ,
_c2010
300 _a235 p. :
_bill. ;
_c24 cm.z
504 _aIncluye bibliografía
505 0 _aAdaptar a la universidad al siglo XXI: la creación de una universidad bimodal -- la universidad marroquí: los retos de la mundalización -- lecciones desde la primera linea -- la universidad amenazada: la innovación puede marcar la diferencia -- universidades: del sistema nacional a la política de la red global -- dos décadas del siglo XXI -- construir condiciones para la innovación: la más alta prioridad del proyecto académico de la universidad pedagógica nacional -- la oportunidad de cambiar.
520 _aEste libro recoge ocho reflexiones sobre el estado de la universidad en todo el mundo , los problemas que le afectan como institución educativa y los retos que debe afrontar en una sociedad cambiante, la llegada de las tecnologías de la información y de la comunicación (TIC) han tenido una gran incidencia.
700 1 _aBegoña Gros Salvat.
942 _2lcc
_cbk
946 _aDGG.
999 _c94417
_d94417